000 00915nam a2200289 4500
001 20184
003 BD-RjUL
005 20211209000530.0
008 140227r19681961enk 000 d eng
035 _a(BD-RjUL)20246
040 _aDLC
_cDLC
_dDLC
_dBD-RjUL
_beng
041 1 _aengger
082 0 0 _a832.7
_bBUD 1968
100 1 _aBüchner, Georg,
_d1813-1837.
_962200
245 1 0 _aDanton's death /
_cGeorg Buechner; an English version by James Maxwell, with an introduction by Martin Esslin.
260 _aLondon :
_bMethuen,
_cc1961 [Reprinted 1968].
300 _a83 p. ;
_c19 cm.
350 _a18/-
490 0 _aMethuen's theatre classics
500 _aTranslation of Dantons Tod.
600 1 0 _aDanton, Georges Jacques,
_d1759-1794
_xDrama.
_962203
700 1 _aMaxwell, James,
_d1929-
_etr.
_962202
942 _2ddc
_cBK
999 _c20184
_d20184